<?xml version="1.0" encoding="UTF-8"?>
<record
    xmlns:xsi="http://www.w3.org/2001/XMLSchema-instance"
    xsi:schemaLocation="http://www.loc.gov/MARC21/slim http://www.loc.gov/standards/marcxml/schema/MARC21slim.xsd"
    xmlns="http://www.loc.gov/MARC21/slim">

  <leader>01134nam a22002537a 4500</leader>
  <datafield tag="999" ind1=" " ind2=" ">
    <subfield code="c">63542</subfield>
    <subfield code="d">63542</subfield>
  </datafield>
  <controlfield tag="005">20240530110646.0</controlfield>
  <controlfield tag="008">171114s2015    ua a   g      000 0 ara d</controlfield>
  <datafield tag="017" ind1=" " ind2=" ">
    <subfield code="a">2015/2904</subfield>
    <subfield code="b">&#x645;&#x635;&#x631;. &#x62F;&#x627;&#x631; &#x627;&#x644;&#x643;&#x62A;&#x628;</subfield>
  </datafield>
  <datafield tag="020" ind1=" " ind2=" ">
    <subfield code="a">9789773375263</subfield>
  </datafield>
  <datafield tag="040" ind1=" " ind2=" ">
    <subfield code="a">EG-CaGPL</subfield>
    <subfield code="c">EG-CaGPL</subfield>
  </datafield>
  <datafield tag="082" ind1="0" ind2="4">
    <subfield code="2">21</subfield>
    <subfield code="a">658.45 /</subfield>
    <subfield code="b">&#x62E; &#x645;</subfield>
  </datafield>
  <datafield tag="110" ind1="0" ind2=" ">
    <subfield code="a">&#x62E;&#x628;&#x631;&#x627;&#x621; &#x645;&#x631;&#x643;&#x632; &#x627;&#x644;&#x62E;&#x628;&#x631;&#x627;&#x62A; &#x627;&#x644;&#x645;&#x647;&#x646;&#x64A;&#x629; &#x644;&#x644;&#x627;&#x62F;&#x627;&#x631;&#x629; &#x628;&#x645;&#x64A;&#x643;</subfield>
  </datafield>
  <datafield tag="245" ind1="1" ind2="0">
    <subfield code="a">&#x645;&#x647;&#x627;&#x631;&#x627;&#x62A; &#x62E;&#x62F;&#x645;&#x629; &#x627;&#x644;&#x639;&#x645;&#x644;&#x627;&#x621; &#x641;&#x649; &#x645;&#x631;&#x627;&#x643;&#x632; &#x627;&#x644;&#x627;&#x62A;&#x635;&#x627;&#x644; /</subfield>
    <subfield code="c">&#x627;&#x639;&#x62F;&#x627;&#x62F; &#x627;&#x644;&#x645;&#x627;&#x62F;&#x629; &#x627;&#x644;&#x639;&#x644;&#x645;&#x64A;&#x629; &#x62E;&#x628;&#x631;&#x627;&#x621; &#x645;&#x631;&#x643;&#x632; &#x627;&#x644;&#x62E;&#x628;&#x631;&#x627;&#x62A; &#x627;&#x644;&#x645;&#x647;&#x646;&#x64A;&#x629; &#x644;&#x644;&#x627;&#x62F;&#x627;&#x631;&#x629; &#x628;&#x645;&#x64A;&#x643; &#x61B; &#x639;&#x628;&#x62F;&#x627;&#x644;&#x631;&#x62D;&#x645;&#x646; &#x62A;&#x648;&#x641;&#x64A;&#x642;</subfield>
  </datafield>
  <datafield tag="260" ind1=" " ind2=" ">
    <subfield code="a">&#x627;&#x644;&#x642;&#x627;&#x647;&#x631;&#x629; : </subfield>
    <subfield code="b">&#x645;&#x631;&#x643;&#x632; &#x627;&#x644;&#x62E;&#x628;&#x631;&#x627;&#x62A; &#x627;&#x644;&#x645;&#x647;&#x646;&#x64A;&#x629; &#x644;&#x644;&#x627;&#x62F;&#x627;&#x631;&#x629; (&#x628;&#x628;&#x645;&#x64A;&#x643;) &#x60C;</subfield>
    <subfield code="c">2015.</subfield>
  </datafield>
  <datafield tag="300" ind1=" " ind2=" ">
    <subfield code="a">46 &#x635;. : </subfield>
    <subfield code="b">&#x627;&#x64A;&#x636; &#x61B;</subfield>
    <subfield code="c">32 &#x633;&#x645;.</subfield>
  </datafield>
  <datafield tag="650" ind1="0" ind2="7">
    <subfield code="2">qrmak</subfield>
    <subfield code="a">&#x627;&#x644;&#x62A;&#x62F;&#x631;&#x64A;&#x628;</subfield>
  </datafield>
  <datafield tag="650" ind1="0" ind2="7">
    <subfield code="2">qrmak</subfield>
    <subfield code="a">&#x627;&#x644;&#x62A;&#x648;&#x62C;&#x64A;&#x629; &#x627;&#x644;&#x627;&#x62F;&#x627;&#x631;&#x649;</subfield>
  </datafield>
  <datafield tag="650" ind1="0" ind2="7">
    <subfield code="2">qrmak</subfield>
    <subfield code="a">&#x627;&#x644;&#x62F;&#x648;&#x631;&#x627;&#x62A; &#x627;&#x644;&#x62A;&#x62F;&#x631;&#x64A;&#x628;&#x64A;&#x629;</subfield>
  </datafield>
  <datafield tag="651" ind1=" " ind2=" ">
    <subfield code="2">qrmak</subfield>
  </datafield>
  <datafield tag="653" ind1=" " ind2="0">
    <subfield code="a">&#x62E;&#x62F;&#x645;&#x629; &#x627;&#x644;&#x639;&#x645;&#x644;&#x627;&#x621; - &#x645;&#x647;&#x627;&#x631;&#x629;</subfield>
  </datafield>
  <datafield tag="700" ind1="0" ind2=" ">
    <subfield code="a">&#x639;&#x628;&#x62F;&#x627;&#x644;&#x631;&#x62D;&#x645;&#x646; &#x62A;&#x648;&#x641;&#x64A;&#x642;</subfield>
    <subfield code="e">&#x645;&#x633;&#x62A;&#x634;&#x627;&#x631;</subfield>
  </datafield>
  <datafield tag="942" ind1=" " ind2=" ">
    <subfield code="2">ddc</subfield>
    <subfield code="c">BK</subfield>
  </datafield>
  <datafield tag="952" ind1=" " ind2=" ">
    <subfield code="0">0</subfield>
    <subfield code="1">0</subfield>
    <subfield code="4">0</subfield>
    <subfield code="7">0</subfield>
    <subfield code="a">CAI</subfield>
    <subfield code="b">CAI</subfield>
    <subfield code="c">MAIN-LIBRARY</subfield>
    <subfield code="d">2017-11-14</subfield>
    <subfield code="l">0</subfield>
    <subfield code="o">658.45 / &#x62E; &#x645;</subfield>
    <subfield code="p">163634</subfield>
    <subfield code="r">2017-11-14 00:00:00</subfield>
    <subfield code="w">2017-11-14</subfield>
    <subfield code="y">BK</subfield>
  </datafield>
</record>
